000
00354pab a2200157 454500
008
180718b2014 xxu||||| |||| 00| 0 eng d
100
_a
Prasad, Archana
245
_a
Evidence from some 'Least developed' states
260
_c
2014
300
_a
p.44-47.
362
_a
Jan
650
_a
Tribes
773
_a
Yojana
908
_a
N
909
_a
103372
999
_c
103368
_d
103368